| 000 | 00495nam a22001697a 4500 | ||
|---|---|---|---|
| 003 | OSt | ||
| 005 | 20220107122824.0 | ||
| 008 | 170313b xxu||||| |||| 00| 0 eng d | ||
| 040 | _cIIITMK | ||
| 100 |
_aNikhitha K Nair (93515014) _911445 |
||
| 245 | _aTensor decomposition based approach for training extreme learning machines | ||
| 300 | _aM Phil CS - Main | ||
| 502 |
_bMPhil CS _c2015-16 _dINT _eDr. Asharaf |
||
| 650 |
_aLEARNING MACHINES _911446 |
||
| 650 |
_aTENSOR _911447 |
||
| 942 |
_2ddc _cPR |
||
| 999 |
_c5558 _d5558 |
||